000
00282nam a2200121Ia 4500
008
220204s9999 xx 000 0 und d
082
_b
SET
100
_a
Lal, J
245
0
_a
Provident fund manual. 1978
260
_a
Allahabad
_b
Law Pub
_c
1978
700
_a
Seth, D D
942
_c
BK
999
_c
29431
_d
29431